00394nam a22001457a 4500003000700000005001700007008004100024082001900065100004400084245002200128250001100150260004900161300000700210650003100217MPLRDC20220104113734.0210129b ||||| |||| 00| 0 eng d a053.8861 QRYS  a“千人义山行”特刊编委小组 a千人义山行c a初版 a马来西亚b千人义山行工委会c2002 b62 a连续性出版品; 期刊